Normal view
MARC view
Entry Personal Name
001 - CONTROL NUMBER
- control field: 35097
003 - CONTROL NUMBER IDENTIFIER
- control field: OSt
005 - DATE AND TIME OF LATEST TRANSACTION
- control field: 20160128165459.0
008 - FIXED-LENGTH DATA ELEMENTS
- fixed length control field: 160128|| aca||aabn | a|a d
040 ## - CATALOGING SOURCE
- Original cataloging agency: OSt
- Transcribing agency: OSt
100 ## - HEADING--PERSONAL NAME
- Personal name: Findly, Ellison Banks
670 ## - SOURCE DATA FOUND
- Source citation: Work cat.: (OSt)31255: Findly, Ellison Banks, Nur Jahan, 2000









